| 000 | 00907cab a2200265 4500 | ||
|---|---|---|---|
| 001 | ABS58156 | ||
| 008 | 090401t1998 xxu||||| |||| 00| 0 eng d | ||
| 035 | _a(Sirsi) u83443 | ||
| 041 | _aeng | ||
| 100 | _aWard, S. | ||
| 245 | _aSurvey Southampton: Prime office space shortages loom as retail developments forge ahead | ||
| 260 | _c1998 | ||
| 350 | _a0 | ||
| 490 |
_aProperty Finance & Development _v10(1) January 1998, 9-12(4) |
||
| 520 | _aSurvey of the commercial property market in Southampton. | ||
| 650 | _aINDUSTRIAL MARKET | ||
| 650 | _aMARINE LEISURE | ||
| 650 | _aPROPERTY-COMMERCIAL PROPERTY-OFFICE PROPERTY-OFFICE PROPERTY MARKET | ||
| 650 | _aPROPERTY-COMMERCIAL PROPERTY-RETAIL PROPERTY-RETAIL PROPERTY MARKET | ||
| 650 | _aSERVICE SECTOR | ||
| 650 | _aSOUTHAMPTON | ||
| 690 | _aPROPERTY-COMMERCIAL PROPERTY-COMMERCIAL PROPERTY MARKET | ||
| 942 | _n0 | ||
| 948 | _c30/01/1998 | ||
| 999 |
_c52698 _d52698 |
||